Herec noblesy, komédie aj tragiky František Dibarbora: "Moja výbušnosť a temperament mi prinášali aj dosť problémov"

Bibliographic Details
Main Author: Polák, Milan, 1932-2022 (Author)
Format: Article
Language:Slovak
PhysicalDescription:Fotogr.
ISSN:1335-7883
Subjects:

MARC

LEADER 00000nab a2200000 ar4500
001 vtls009322932
003 SK-MaSNL
005 20260303055444.0
008 080818c2008 xo sr|p|||||||000 b|slo
015 |a SNBRB2008/09  |2 snkbucl 
038 |a SNKBUCL 
040 |a SNKBUCL  |b slo  |c SNKBUCL  |e AACR2 
041 0 |a slo 
044 |a xo  |c SK 
080 |a 792.071.1  |2 2001 
080 |a 929 Dibarbora, František  |2 2001 
100 1 |a Polák, Milan,  |d 1932-2022  |4 aut  |9 102381 
245 1 0 |a Herec noblesy, komédie aj tragiky  |b František Dibarbora: "Moja výbušnosť a temperament mi prinášali aj dosť problémov"  |c Milan Polák 
300 |b Fotogr. 
600 1 7 |a Dibarbora, František,  |d 1916-1987  |2 snkbucl  |9 103416 
773 0 |t Verejná správa  |g Roč. 63, č. 15-16 (2008), s. 42-43  |x 1335-7883 
852 |a SNK  |b KIS3GCP 
958 |a BX 
999 |c 1727459  |d 1729389